ACM`S EXERCISE FOR OLDER ADULTS + ONLINE (Record no. 801515)

MARC details
000 -LEADER
fixed length control field 00409pam a2200157 a 4500
020 ## - INTERNATIONAL STANDARD BOOK NUMBER
International Standard Book Number 9781609136475
Terms of availability
041 ## - LANGUAGE CODE
Language code of text/sound track or separate title eng
082 ## - DEWEY DECIMAL CLASSIFICATION NUMBER
Classification number 617.3
Item number ZAJ/CHO
100 ## - MAIN ENTRY--PERSONAL NAME
Personal name ZAJIKO., CHODZKO W.J.
245 ## - TITLE STATEMENT
Title ACM`S EXERCISE FOR OLDER ADULTS + ONLINE
Medium Textual Documents
250 ## - EDITION STATEMENT
Edition statement 1.
260 ## - PUBLICATION, DISTRIBUTION, ETC.
Name of publisher, distributor, etc. LIPPINCOTT WILLIAMS & WILKINS
Date of publication, distribution, etc. 2014
300 ## - PHYSICAL DESCRIPTION
Extent 236:
Other physical details XVI;
Dimensions PB+
Accompanying material ONLINE.
650 ## - SUBJECT ADDED ENTRY--TOPICAL TERM
Topical term or geographic name entry element ORTHO
930 ## - EQUIVALENCE OR CROSS-REFERENCE-UNIFORM TITLE HEADING [LOCAL, CANADA]
Uniform title 6988
Holdings
Withdrawn status Lost status Damaged status Not for loan Collection Home library Current library Date acquired Source of acquisition Cost, normal purchase price Total Checkouts Full call number Barcode Date last seen Copy number Price effective from Koha item type
          Medical College & Hospital, Sangli Medical College & Hospital, Sangli 13/10/2015 B.M.S.G.B.PUNE 3223.51   617.3 ZAJ/CHO MCS-12638 26/07/2023 1 26/07/2023 Book